Les 30 plus gros transferts de la Ligue 1 - Statistiques

Statistiques générales
  • Ce quiz a été pris 3 081 fois
    1 009 depuis la dernière actualisation
  • Le résultat moyen est 19 sur 30
Statistiques - réponses
Pos Réponse Club de départ Club d'arrivée Montant du transfert Saison % Correct
2 Mbappé AS Monaco Paris SG 180,00 mio. € 18/19
99%
1 Neymar FC Barcelone Paris SG 222,00 mio. € 17/18
99%
3 Tchouameni AS Monaco Real Madrid 80,00 mio. € 22/23
91%
4 Pépé LOSC Lille FC Arsenal 80,00 mio. € 19/20
87%
5 Osimhen LOSC Lille Napoli 75,00 mio. € 20/21
84%
7 Lemar AS Monaco Atletico Madrid 72,00 mio. € 18/19
77%
9 Cavani Napoli Paris SG 64,50 mio. € 13/14
74%
15 Lacazette Olympique Lyonnais FC Arsenal 53,00 mio. € 17/18
71%
11 Ndombélé Olympique Lyonnais Tottenham 62,00 mio. € 19/20
71%
17 Bernardo Silva AS Monaco Manchester City 50,00 mio. € 17/18
67%
20 Hernandez Bayern Munich Paris SG 45,00 mio. € 23/24
65%
24 Openda RC Lens RB Leipzig 43,00 mio. € 23/24
65%
18 David Luiz Chelsea Paris SG 49,50 mio. € 14/15
64%
13 Martial AS Monaco Manchester Utd. 60,00 mio. € 15/16
63%
14 Mendy AS Monaco Manchester City 57,50 mio. € 17/18
63%
6 Rodriguez AS Monaco Real Madrid 75,00 mio. € 14/15
63%
10 Di Maria Manchester Utd. Paris SG 63,00 mio. € 15/16
62%
8 Hakimi Inter Milan Paris SG 66,50 mio. € 21/22
62%
19 Mendy Olympique Lyonnais Real Madrid 48,00 mio. € 19/20
60%
26 Paqueta Olympique Lyonnais West Ham Utd. 42,95 mio. € 22/23
58%
12 Ugarte Sporting CP Paris SG 60,00 mio. € 23/24
58%
22 Fabinho AS Monaco FC Liverpool 45,00 mio. € 18/19
56%
27 Guimaraes Olympique Lyonnais Newcastle Utd. 42,10 mio. € 21/22
55%
16 Icardi Inter Milan Paris SG 50,00 mio. € 20/21
51%
29 Pastore Palermo Paris SG 42,00 mio. € 11/12
51%
28 Thiago Silva AC Milan Paris SG 42,00 mio. € 12/13
51%
25 Falcao Atletico Madrid AS Monaco 43,00 mio. € 13/14
50%
30 Vitinha FC Porto Paris SG 41,50 mio. € 22/23
49%
23 Rodriguez FC Porto AS Monaco 45,00 mio. € 13/14
38%
21 Tielemans AS Monaco Leicester City 45,00 mio. € 19/20
32%
Aucun quiz correspondant
Distribution des résultats
% des personnes avec chaque résultat
Percentile par nombre de réponses
Votre historique - résultats
Vous n’avez pas pris ce quiz depuis la dernière actualisation